| 000 | 01944 a2200169 4500 | ||
|---|---|---|---|
| 001 | 141658 | ||
| 040 | _cLeonardo Da Vinci | ||
| 041 | _aPortuguês | ||
| 082 |
_a709.81 A825a _bA825a |
||
| 245 | _aARTE brasileira em coleção particular | ||
| 260 |
_c2006 _aCaxias do Sul |
||
| 300 | _a117 | ||
| 362 | _a20060000 | ||
| 500 |
_aAdemar Roberto Sebben e Liliane Viero Costa (Coordenação) _aJoel Jordani (Fotografia) |
||
| 697 |
_aArtes _aBrasil _aArte brasileira _aArtistas _aGiovani Batista Felice Castagneto _aPedro Weingartner _aEliseu D'Angelo Visconti _aLeopoldo Gotuzzo _aLevino Fânzeres _aLasar Segall _aCarlo Kossac _aAntonio Gonçalves Gomide _aAlberto da Veiga Guignard _aAlfredo Volpi _aAnita Mafaltti _aEmiliano Di Cavalcanti _aManoel Calafante Caledônio da Assunção Santiago _aHeitor dos Prazares _aVicente do Rego Monteiro _aIsmael Nery _aFrancisco Brilhante _aOrlando Teruz _aCândido Portinari _aFrancisco Rebolo Gonçalves _aJosé Pancetti _aAldo Bonadei _aAdo Malagoli _aCícero Dias _aCarybé _aDjanira da Motta e Silva _aIberê Camargo _aMilton Dacosta _aSylvio Pinto e Silva _aMira Schendel _aCarlos Scliar _aAntonio Bandeira _aManabu Mabe _aReynaldo da Fonseca _aDanúbio Gonçalves _aAntonio Batista de Souza A. Poteiro _aRegina Silveira _aVitório Gheno _aPlínio Bernhardt _aInnos Corradin _aAlbano Vizzoto Filho _aCarlos Bracher _aJuarez Machado _aPietrina Checacci _aVolnei Petiz _aKenzi Fukuda _aFlávio Luigi Ferraris _aArmando Romanelli da Siqueira _aCarlos Carrion de Brito Velho _aNilton Zanotti _aMaria Lídia Magliani _aBeatriz Balen Susin _aFernando Clóvis Pereira _aSiron Franco _aFernando Baril _aCarlos Alberto de Araújo Filho _aAlberto Cesar Hodara _aSelestino M. Oliveira _aHenrique Santana _aAloísio Pascoal Pedersen _aMessias Neiva _aDaniel Senise _aOdette Garbin _aRobson Sobrera _aVictor Hugo _aRosanea Martins _aMiriam Postal _aMadia Bortolucci _aMarco Antônio Lucaoda _aVasco Machado _aFabio Balen _aSérgio Lopes _aFernando Icona _aDaltro Borowski |
||
| 942 | _cBK | ||
| 999 |
_c141658 _d141658 |
||